00502ntaaa2200169 45000030003000000050017000030080021000200400037000410820012000780820016000901000022001062450114001282500012002422600039002543000010002936500029003030120251027202612.00714s1973 ag 01  aAR-BaBNbspacAR-BaBNeaacrdRIC a340 Al1 a340 Al1 (2) aAlberdi, Juan B.  aBases : bpuntos de partida para la organización política de la República Argentina / cJuan B. Alberdi a1ª ed. aBuenos Aires : bClaridad, cc1933 a319 p aconstitución Argentina